[Event "Mittelfrankenliga-B2a 0607"]
[Site "Mittelfranken"]
[Date "2007.01.28"]
[Round "5.3"]
[White "Albrecht, Thorsten"]
[Black "Kipferl, Wolfgang"]
[Result "1/2-1/2"]
[WhiteElo "1962"]
[BlackElo "1872"]
[PlyCount "21"]
[EventDate "2006.10.22"]
[EventType "team-tourn"]
[EventRounds "9"]
[EventCountry "GER"]
[SourceTitle "EXT 2011"]
[Source "ChessBase"]
[SourceDate "2010.11.26"]
[SourceVersion "1"]
[SourceVersionDate "2010.11.26"]
[SourceQuality "1"]
[WhiteTeam "Erlangen SC II"]
[BlackTeam "Neumarkt"]
[WhiteTeamCountry "GER"]
[BlackTeamCountry "GER"]

1. d4 g6 2. c4 Bg7 3. Nc3 d6 4. Bf4 Nc6 5. d5 Ne5 6. e3 e6 7. Be2 a6 8. a4 Bd7 9. e4 Ne7 10. h4 f5 11. exf5 1/2-1/2

[Event "Mittelfrankenliga-B2a 0607"]
[Site "Mittelfranken"]
[Date "2007.01.14"]
[Round "4.3"]
[White "Mueller, Stefan"]
[Black "Albrecht, Thorsten"]
[Result "1/2-1/2"]
[WhiteElo "1964"]
[BlackElo "1962"]
[PlyCount "116"]
[EventDate "2006.10.22"]
[EventType "team-tourn"]
[EventRounds "9"]
[EventCountry "GER"]
[SourceTitle "EXT 2011"]
[Source "ChessBase"]
[SourceDate "2010.11.26"]
[SourceVersion "1"]
[SourceVersionDate "2010.11.26"]
[SourceQuality "1"]
[WhiteTeam "Erlangen Siemens"]
[BlackTeam "Erlangen SC II"]
[WhiteTeamCountry "GER"]
[BlackTeamCountry "GER"]

1. e4 e6 2. d4 d5 3. exd5 exd5 4. Bd3 Bd6 5. c3 Nc6 6. Qc2 h6 7. h3 Be6 8. Ne2 g5 9. Be3 Qf6 10. Nd2 Nge7 11. 0-0-0 Bf5 12. g4 Bxd3 13. Qxd3 0-0-0 14. Ng3 Qg6 15. Qb5 f5 16. Nxf5 Nxf5 17. gxf5 Qxf5 18. Qe2 Ne7 19. Qg4 Rdf8 20. c4 c6 21. Rdg1 Ng6 22. c5 Bf4 23. Nf1 Kd8 24. Qxf5 Rxf5 25. Ng3 Bxe3+ 26. fxe3 Rf3 27. e4 Nf4 28. Kb1 dxe4 29. Nxe4 Rxh3 30. Nd6 Rh7 31. Rxh3 Nxh3 32. Re1 Nf4 33. Re8+ Kd7 34. Rg8 Ke6 35. Kc2 Kd5 36. Rd8 Ne6 37. Rg8 Nxd4+ 38. Kd3 Ne6 39. b4 Nf4+ 40. Ke3 Re7+ 41. Kf3 Rh7 42. Rd8 Ne6 43. Re8 b6 44. Ne4 Rf7+ 45. Ke3 bxc5 46. Nc3+ Kd6 47. Ne4+ Kd5 48. Nc3+ Kc4 49. Rxe6 Kxc3 50. bxc5 Kc4 51. Rxc6 h5 52. Rh6 Kxc5 53. Rxh5 Rg7 54. Kf3 Kb4 55. Kg4 a5 56. Rh3 a4 57. Rd3 a3 58. Rb3+ Ka4 1/2-1/2

[Event "Mittelfrankenliga-B1 0506"]
[Site "Germany"]
[Date "2006.04.30"]
[Round "9.8"]
[White "Albrecht, Thorsten"]
[Black "Kotissek, Ulrich"]
[Result "1/2-1/2"]
[WhiteElo "1964"]
[BlackElo "1884"]
[PlyCount "72"]
[EventDate "2005.10.16"]
[EventType "team"]
[EventRounds "9"]
[EventCountry "GER"]
[SourceTitle "EXT 2007"]
[Source "ChessBase"]
[SourceDate "2006.11.23"]
[SourceVersion "1"]
[SourceVersionDate "2006.11.23"]
[SourceQuality "1"]

1. d4 Nf6 2. c4 g6 3. Nc3 Bg7 4. Bf4 d6 5. h3 0-0 6. Nf3 c6 7. e3 d5 8. Be2 Be6 9. Ng5 Bf5 10. 0-0 h6 11. Nf3 Qb6 12. Na4 Qa5 13. c5 Ne4 14. a3 b5 15. cxb6 axb6 16. b3 b5 17. Nb2 Nc3 18. Qd2 Nxe2+ 19. Qxe2 Qc3 20. g4 Be4 21. Ne1 g5 22. Bxb8 Rfxb8 23. Ned3 Qxb3 24. Nc5 Qc2 25. Qxc2 Bxc2 26. Rfc1 Ba4 27. Nbd3 Ra7 28. Nb4 Rb6 29. Nxa4 bxa4 30. Nxc6 Rab7 31. Nb4 e6 32. Rc8+ Bf8 33. Ra8 Kg7 34. Rxa4 Bxb4 35. axb4 Rxb4 36. Rxb4 Rxb4 1/2-1/2

[Event "Mittelfrankenliga-B2a 0506"]
[Site "Germany"]
[Date "2006.02.12"]
[Round "6.3"]
[White "Albrecht, Thorsten"]
[Black "Beck, Gerhard"]
[Result "1-0"]
[WhiteElo "1964"]
[BlackElo "1935"]
[PlyCount "91"]
[EventDate "2005.10.16"]
[EventType "team"]
[EventRounds "9"]
[EventCountry "GER"]
[SourceTitle "EXT 2007"]
[Source "ChessBase"]
[SourceDate "2006.11.23"]
[SourceVersion "1"]
[SourceVersionDate "2006.11.23"]
[SourceQuality "1"]

1. d4 Nf6 2. Nf3 g6 3. c4 Bg7 4. Nc3 d6 5. Bf4 0-0 6. h3 Nbd7 7. e3 c5 8. Be2 Re8 9. d5 a6 10. a4 Qc7 11. 0-0 Ne5 12. Nd2 e6 13. Nde4 Nxe4 14. Nxe4 f6 15. dxe6 Bxe6 16. Qxd6 Qxd6 17. Nxd6 Re7 18. Bxe5 fxe5 19. Ne4 Rc8 20. Rad1 a5 21. Rd6 Bf5 22. Bf3 Bd7 23. b3 Bc6 24. Rfd1 Bxe4 25. Bxe4 Kf7 26. Rb6 Rb8 27. Rdd6 Bf8 28. Rb5 Rc7 29. Bd5+ Ke7 30. Re6+ Kd7 31. Rxa5 Bd6 32. Ra7 b6 33. Rxc7+ Kxc7 34. f4 exf4 35. exf4 Rf8 36. g3 g5 37. fxg5 Rf5 38. g6 hxg6 39. Rxg6 Be5 40. g4 Rf6 41. Rg7+ Kd6 42. Rb7 Bd4+ 43. Kg2 Ke5 44. Re7+ Kf4 45. Bf3 Rd6 46. h4 1-0

[Event "Mittelfrankenliga-B2a 0506"]
[Site "Germany"]
[Date "2006.01.29"]
[Round "5.3"]
[White "Mueller, Stefan"]
[Black "Albrecht, Thorsten"]
[Result "0-1"]
[WhiteElo "1967"]
[BlackElo "1964"]
[PlyCount "44"]
[EventDate "2005.10.16"]
[EventType "team"]
[EventRounds "9"]
[EventCountry "GER"]
[SourceTitle "EXT 2007"]
[Source "ChessBase"]
[SourceDate "2006.11.23"]
[SourceVersion "1"]
[SourceVersionDate "2006.11.23"]
[SourceQuality "1"]

1. e4 e6 2. Qe2 c5 3. g3 Nc6 4. c3 Nge7 5. Bg2 g6 6. d3 Bg7 7. h4 b5 8. h5 b4 9. h6 Bf6 10. f4 d6 11. g4 bxc3 12. bxc3 Qa5 13. Qd2 0-0 14. Ne2 Rb8 15. Na3 Ba6 16. f5 Ne5 17. Rh3 Nxg4 18. Nc2 exf5 19. exf5 Nxf5 20. Be4 Bc8 21. Na3 Ne5 22. Bxf5 Bxf5 0-1

[Event "Mittelfrankenliga-B2a 0506"]
[Site "Germany"]
[Date "2005.12.04"]
[Round "3.3"]
[White "Dereser, Marc"]
[Black "Albrecht, Thorsten"]
[Result "0-1"]
[WhiteElo "1851"]
[BlackElo "1964"]
[PlyCount "54"]
[EventDate "2005.10.16"]
[EventType "team"]
[EventRounds "9"]
[EventCountry "GER"]
[SourceTitle "EXT 2007"]
[Source "ChessBase"]
[SourceDate "2006.11.23"]
[SourceVersion "1"]
[SourceVersionDate "2006.11.23"]
[SourceQuality "1"]

1. d4 f5 2. c4 Nf6 3. Nc3 g6 4. g3 Bg7 5. Bg2 0-0 6. Nf3 d6 7. 0-0 c6 8. Qc2 Qe8 9. e4 e5 10. dxe5 dxe5 11. exf5 gxf5 12. Re1 e4 13. Nh4 Qf7 14. b3 Be6 15. Bb2 Ng4 16. Na4 Nd7 17. Rad1 Nge5 18. Re2 Bf6 19. f4 Nd3 20. Bxf6 Qxf6 21. Rxd3 exd3 22. Qxd3 Rad8 23. Qe3 Rfe8 24. Qxa7 Bf7 25. Rf2 b5 26. cxb5 cxb5 27. Bc6 Qxc6 0-1

[Event "Mittelfrankenliga-B2a 0506"]
[Site "Germany"]
[Date "2005.10.16"]
[Round "1.3"]
[White "Brunner, Wolfgang"]
[Black "Albrecht, Thorsten"]
[Result "1/2-1/2"]
[WhiteElo "1941"]
[BlackElo "1964"]
[PlyCount "49"]
[EventDate "2005.10.16"]
[EventType "team"]
[EventRounds "9"]
[EventCountry "GER"]
[SourceTitle "EXT 2007"]
[Source "ChessBase"]
[SourceDate "2006.11.23"]
[SourceVersion "1"]
[SourceVersionDate "2006.11.23"]
[SourceQuality "1"]

1. d4 f5 2. c4 Nf6 3. Nf3 g6 4. g3 Bg7 5. Bg2 0-0 6. 0-0 d6 7. Nc3 c6 8. e3 Qe8 9. d5 h6 10. Nd4 e5 11. dxe6 Bxe6 12. Qb3 Bc8 13. Qa3 Qe7 14. b4 Nbd7 15. b5 c5 16. Nde2 Nb6 17. Nf4 Kh7 18. Qb3 g5 19. Nfd5 Nfxd5 20. cxd5 Qe5 21. Bb2 Nd7 22. Nd1 Qe7 23. Bxg7 Qxg7 24. Nb2 Ne5 25. Nc4 1/2-1/2

[Event "Nuremberg Zabo op 03rd"]
[Site "Nuremberg"]
[Date "2001.09.23"]
[Round "4"]
[White "Albrecht, Thorsten"]
[Black "Wrobel, Frank"]
[Result "0-1"]
[WhiteElo "1867"]
[BlackElo "1815"]
[PlyCount "70"]
[EventDate "2001.09.21"]
[EventType "swiss"]
[EventRounds "5"]
[EventCountry "GER"]
[SourceTitle "EXT 2003"]
[Source "ChessBase"]
[SourceDate "2002.11.25"]
[SourceVersion "1"]
[SourceVersionDate "2002.11.25"]
[SourceQuality "1"]

1. e4 e5 2. f4 d6 3. Nf3 Nc6 4. Bc4 Be7 5. 0-0 Nf6 6. d3 0-0 7. a3 Bg4 8. Be3 d5 9. exd5 Nxd5 10. Bxd5 Qxd5 11. Nc3 Qa5 12. b4 Bxb4 13. axb4 Qxb4 14. Ne2 Rfe8 15. Rb1 Qe7 16. f5 e4 17. f6 gxf6 18. dxe4 Qxe4 19. Bh6 Qxe2 20. Qxe2 Rxe2 21. Rxb7 Rc8 22. c3 a6 23. h3 Be6 24. Nd4 Nxd4 25. cxd4 Bd5 26. Rbb1 Rxg2+ 27. Kh1 Rg6+ 28. Kh2 Rxh6 29. Rfe1 Rg6 30. Rb2 f5 31. h4 h5 32. Re5 Be4 33. d5 Rd8 34. Re7 Rxd5 35. Rxc7 Rd1 0-1

[Event "Nuremberg Zabo op 03rd"]
[Site "Nuremberg"]
[Date "2001.09.22"]
[Round "3"]
[White "White, Herbert"]
[Black "Albrecht, Thorsten"]
[Result "1/2-1/2"]
[WhiteElo "1704"]
[BlackElo "1867"]
[PlyCount "85"]
[EventDate "2001.09.21"]
[EventType "swiss"]
[EventRounds "5"]
[EventCountry "GER"]
[SourceTitle "EXT 2003"]
[Source "ChessBase"]
[SourceDate "2002.11.25"]
[SourceVersion "1"]
[SourceVersionDate "2002.11.25"]
[SourceQuality "1"]

1. d4 f5 2. g3 Nf6 3. Bg2 g6 4. Nh3 Bg7 5. Nc3 d5 6. Nf4 c6 7. b3 0-0 8. Bb2 Qe8 9. Na4 Qf7 10. Nc5 Ne4 11. Ncd3 Nd7 12. h4 c5 13. e3 Re8 14. 0-0 b5 15. Ne2 c4 16. Ndf4 Bb7 17. Nc3 Nxc3 18. Bxc3 Rac8 19. Qd2 Nf6 20. f3 Bh6 21. Nh3 Qe6 22. Rae1 Qd6 23. Nf4 Rc6 24. Bb4 Qd7 25. Bc5 a5 26. Qxa5 Ra6 27. Qc3 Rxa2 28. Ra1 Rea8 29. Rxa2 Rxa2 30. Ra1 Rxa1+ 31. Qxa1 Bxf4 32. exf4 Kf7 33. Kf2 Bc6 34. Bf1 Qe6 35. Qa7 Qd7 36. Qb8 Qb7 37. Qe5 Qd7 38. Qb8 Qe8 39. Qc7 Qd7 40. Qe5 Qe6 41. Qc7 Nd7 42. Bb4 Qf6 43. Bc3 1/2-1/2

[Event "Nuremberg Zabo op 02nd"]
[Site "Nuremberg"]
[Date "2000.09.23"]
[Round "3"]
[White "Zabarska, Natalia"]
[Black "Albrecht, Thorsten"]
[Result "0-1"]
[WhiteElo "1695"]
[BlackElo "1923"]
[PlyCount "98"]
[EventDate "2000.09.22"]
[EventType "swiss"]
[EventRounds "5"]
[EventCountry "GER"]
[SourceTitle "EXT 2001"]
[Source "ChessBase"]
[SourceDate "2000.11.22"]
[SourceVersion "1"]
[SourceVersionDate "2000.11.22"]
[SourceQuality "1"]

1. e4 d5 2. exd5 Qxd5 3. Nc3 Qa5 4. Bc4 Nf6 5. h3 Bf5 6. Nf3 e6 7. 0-0 c6 8. Re1 Nbd7 9. d3 Be7 10. Bd2 Qc7 11. Nh4 Bg6 12. Qe2 Nb6 13. Bb3 Nfd5 14. Nf3 Bh5 15. Qe5 Bxf3 16. Qxc7 Nxc7 17. gxf3 Nbd5 18. Nxd5 Nxd5 19. c4 Nc7 20. d4 0-0-0 21. Bc3 Bf6 22. Rad1 Rd7 23. Re2 Rhd8 24. Red2 Ne8 25. d5 Bxc3 26. bxc3 Nf6 27. d6 b6 28. Ba4 Kb7 29. c5 Nd5 30. Bb3 Nxc3 31. Rc1 Nd5 32. Bxd5 exd5 33. Rb2 Re8 34. Rcb1 b5 35. a4 a6 36. Ra2 d4 37. axb5 cxb5 38. Rba1 Ra8 39. Rc1 Kc6 40. Rd2 a5 41. Rxd4 b4 42. Rdc4 b3 43. Rb1 a4 44. Rc3 Kb5 45. Rd1 Ra6 46. Rb1 Rc6 47. Kf1 Rxc5 48. Rxc5+ Kxc5 49. Ke2 Rxd6 0-1